[Event "Baltija Cup 16th"]
[Site "Palanga"]
[Date "2019.06.17"]
[Round "1"]
[White "Kolar, Johan Eerik"]
[Black "Zaksaite, Salomeja"]
[Result "0-1"]
[WhiteElo "1671"]
[BlackElo "2237"]
[PlyCount "46"]
[EventDate "2019.06.17"]
[EventType "swiss"]
[EventRounds "7"]
[EventCountry "LTU"]
[SourceTitle "CBM 191 Extra"]
[Source "ChessBase"]
[SourceDate "2019.09.30"]
[SourceVersion "1"]
[SourceVersionDate "2019.09.30"]
[SourceQuality "1"]

1. e4 c5 2. Nf3 e6 3. b3 d6 4. Bb2 Nf6 5. e5 dxe5 6. Nxe5 Be7 7. Bb5+ Nbd7 8. 0-0 0-0 9. Re1 a6 10. Bf1 Nxe5 11. Bxe5 Bd7 12. Qf3 Bc6 13. Qg3 g6 14. Bd3 Nh5 15. Qg4 Qd7 16. Nc3 Rad8 17. Re3 f5 18. Qh3 Bg5 19. f4 Bxf4 20. Bxf4 Nxf4 21. Qh6 Qd4 22. Bc4 Nxg2 23. Bxe6+ Kh8 0-1